000 01539nam a2200277Ia 4500
999 _c54328
_d54328
001 21384
003 GE_BSU
005 20211105175036.0
008 181216s2017||||ge |||||||||||||| ||geo||
020 _a9789941953149
040 _cGE_BSU
041 _ageo
080 _a339.137 ქ-16
100 _aქათამაძე, დავით
_92027
245 _aსაერთაშორისო კონკურენცია /
_cდავით ქათამაძე, გულიკო ქათამაძე ; რედ. ბ. გეჩბაია.
264 _aბათუმი :
_b[?],
_c2017.
300 _a344 გვ. ;
_c20 სმ.
504 _aბიბლიოგრაფია გვ. : 339-343
541 _h25 ლ.
653 _aეკონომიკა
653 _aსაერთაშორისო კონკურენცია
700 _aქათამაძე, გულიკო
_eავტორი
_92028
700 _aგეჩბაია, ბ.
_eრედაქტორი
_910764
710 _aბათუმის შოთა რუსთაველის სახელმწიფო უნივერსიტეტი
_bეკონომიკისა და ბიზნესის ფაკულტეტი
_eბიზნესის ადმინისტრირების, მენეჯმენტისა და მარკეტინგის დარგობრივი დეპარტამენტი
_912854
942 _cBK
_2udc